| 000 | 00834nam a22002537a 4500 | ||
|---|---|---|---|
| 005 | 20170124105949.0 | ||
| 010 | _aA-709741 | ||
| 020 |
_c200.00 _a8185132054 |
||
| 035 | _aA-709741 | ||
| 037 | _bCen Lib/Ret | ||
| 040 |
_aDPL _bEN |
||
| 082 |
_a250 _bOBE |
||
| 100 |
_aObermiller, E. _913063 |
||
| 245 |
_aPrajnaparamita in tibetan buddhism / _cby E. Obermiller; edited by Harcharan Singh Sobti |
||
| 260 |
_aDelhi _bClassical India Publications _c1988 |
||
| 270 |
_bDelhi _a3484, Nicholson Road, Mori Gate _e110006 |
||
| 300 |
_axvii,174p. _c24cm(Hb) |
||
| 490 |
_aClassics India religion and philosophy _v3 |
||
| 500 | _aIncludes bibliographical references and index | ||
| 650 |
_aReligion _913064 |
||
| 650 |
_aBuddhism _91068 |
||
| 700 |
_aSobti, Harcharan Singh _913056 |
||
| 942 |
_2ddc _cEN _h250 _mOBE |
||
| 999 |
_c125114 _d125114 |
||